[Event "Druzynowe Mistrzostwa Polski Juniorow 2019 - II Liga"]
[Site "Szczyrk"]
[Date "1899-12-30"]
[Round "8.39"]
[White "Szymczak, Krzysztof"]
[Black "Grzesik, Gracjan"]
[Result "1/2-1/2"]
[WhiteTitle "II"]
[BlackTitle "I++"]
[WhiteElo "1157"]
[BlackElo "1974"]

1. d4 Nf6 2. c4 e6 3. Nc3 Bb4 4. Bf4 O-O 5. e3 b6 6. Nf3 Bb7 7. Be2 d5 8. O-O Bxc3
9. bxc3 c5 10. Rb1 Qe7 11. Bg5 Nbd7 12. Ne5 Rfc8 13. Nxd7 Qxd7 14. Bxf6 gxf6 15.
Bd3 dxc4 16. Bc2 f5 17. Qh5 Qe7 18. g4 Bf3 19. Bd1 fxg4 20. Bxf3 gxf3 21. Qxf3
cxd4 22. exd4 Kh8 23. Qe4 Qg5+ 24. Kh1 Rd8 25. Rg1 Qd5 26. f3 Qxe4 27. fxe4 Rg8
28. Rg3 Rxg3 29. hxg3 Kg7 30. Kg2 Kg6 31. Rb5 Rc8 32. Kf3 Rc6 33. Kg4 f6 34. Rh5
Rc8 35. Rb5 Rf8 36. Kf4 Re8 37. a4 Re7 38. a5 bxa5 39. Rxa5 Rc7 40. Ra6 Kf7 41.
e5 Ke7 42. g4 Kf7 1/2-1/2

[Event "Druzynowe Mistrzostwa Polski Juniorow 2019 - II Liga"]
[Site "Szczyrk"]
[Date "1899-12-30"]
[Round "8.40"]
[White "Bochniak, Franciszek"]
[Black "Lamek, Dawid"]
[Result "1-0"]
[WhiteTitle "II+"]
[BlackTitle "II"]
[WhiteElo "1194"]
[BlackElo "1070"]

1. d4 d5 2. c4 e6 3. Nc3 Nf6 4. Bg5 Be7 5. e3 h6 6. Bh4 Nbd7 7. a3 c5 8. Nf3 O-O
9. Be2 a6 10. O-O dxc4 11. Bxc4 b5 12. Bb3 Bb7 13. Qe2 Nh7 14. Bg3 Bxf3 15. Qxf3
cxd4 16. exd4 Ng5 17. Qe3 Nb6 18. Rfd1 Bd6 19. d5 Bxg3 20. hxg3 exd5 21. Bxd5
Nxd5 22. Nxd5 Re8 23. Qc3 Rc8 24. Qb3 Rc5 25. Nb4 Qf6 26. Re1 Rec8 27. Nd5 Qd6
28. Ne7+ Kf8 29. Nxc8 Rxc8 30. Qb4 Qxb4 31. axb4 Rc4 32. Rxa6 Ne6 33. f4 Nc7 34.
Ra7 g6 35. Re5 Rc2 36. Rc5 Rxc5 37. bxc5 Ne6 38. b4 Ke8 39. Kf2 Nd4 40. Rb7 h5
41. Rb6 Kd7 42. Rd6+ 1-0

[Event "Druzynowe Mistrzostwa Polski Juniorow 2019 - II Liga"]
[Site "Szczyrk"]
[Date "1899-12-30"]
[Round "8.41"]
[White "Jedras, Adrianna"]
[Black "Bienko, Jagoda"]
[Result "1/2-1/2"]
[WhiteTitle "I"]
[BlackTitle "I"]
[WhiteElo "1367"]
[BlackElo "1415"]

1. e4 c5 2. Nf3 Nc6 3. d4 cxd4 4. Nxd4 Nf6 5. Nc3 d6 6. f3 g6 7. Be3 Bg7 8. Qd2
O-O 9. Nxc6 bxc6 10. Bc4 Qa5 11. O-O-O Ba6 12. Bb3 Nd7 13. h4 h5 14. Bh6 Nc5 15.
Bxg7 Nxb3+ 16. cxb3 Kxg7 17. g4 Bc8 18. Rdg1 Bd7 19. Qe3 Rh8 20. gxh5 Rxh5 21.
Rg5 Rxg5 22. Qxg5 Qxg5+ 23. hxg5 Rh8 24. Rxh8 Kxh8 25. Kd2 Kg7 26. b4 f6 27. gxf6+
Kxf6 28. Ke3 g5 29. a4 a6 30. a5 Ke5 31. b5 cxb5 32. Nd5 e6 33. f4+ gxf4+ 34.
Nxf4 d5 35. Nd3+ Kd6 36. e5+ 1/2-1/2

[Event "Druzynowe Mistrzostwa Polski Juniorow 2019 - II Liga"]
[Site "Szczyrk"]
[Date "1899-12-30"]
[Round "8.42"]
[White "Grzesik, Nikola"]
[Black "Golinska, Patrycja"]
[Result "0-1"]
[WhiteTitle "I"]
[BlackTitle "I"]
[WhiteElo "1338"]
[BlackElo "1197"]

1. e4 e5 2. Nf3 Nc6 3. d4 exd4 4. Nxd4 Bc5 5. Nb3 Bb6 6. Bd3 d6 7. O-O Nf6 8. Nc3
h6 9. h3 Be6 10. Kh1 Qd7 11. Kh2 g5 12. f4 g4 13. f5 Bxb3 14. axb3 gxh3 15. gxh3
Qe7 16. Bf4 O-O-O 17. Qd2 Rdg8 18. Nd5 Nxd5 19. exd5 Ne5 20. Be2 Qh4 21. Ra4 Bg1+
22. Rxg1 Qf2+ 23. Rg2 Qxg2# 0-1

[Event "Druzynowe Mistrzostwa Polski Juniorow 2019 - II Liga"]
[Site "Szczyrk"]
[Date "1899-12-30"]
[Round "8.43"]
[White "Swiech, Lukasz"]
[Black "Lichorad, Mateusz"]
[Result "1-0"]
[WhiteTitle "II"]
[BlackTitle "I"]
[WhiteElo "1625"]
[BlackElo "1801"]

1. e4 c5 2. Nf3 e6 3. d4 cxd4 4. Nxd4 Nc6 5. Nxc6 bxc6 6. Bd3 d5 7. Nc3 Nf6 8.
O-O Be7 9. b3 O-O 10. Bb2 e5 11. h3 Be6 12. Qe2 d4 13. Nb1 Nd7 14. f4 exf4 15.
Bxd4 Bc5 16. Bxc5 Nxc5 17. Nd2 g5 18. Kh1 f6 19. Bc4 Qe7 20. Nf3 Rae8 21. Nd4
Bf7 22. Nf5 Qxe4 23. Bxf7+ Rxf7 24. Qg4 Rd7 25. b4 Qxb4 26. Qh5 Rf8 27. Rad1 Qb7
28. Rde1 Rg7 29. Re8 Qd7 30. Nh6+ 1-0

[Event "Druzynowe Mistrzostwa Polski Juniorow 2019 - II Liga"]
[Site "Szczyrk"]
[Date "1899-12-30"]
[Round "8.44"]
[White "Kupiecki, Szymon"]
[Black "Owoc, Jakub"]
[Result "0-1"]
[WhiteTitle "I"]
[BlackTitle "II"]
[WhiteElo "1573"]
[BlackElo "1614"]

1. e4 d5 2. exd5 Qxd5 3. Nf3 Nf6 4. d4 a6 5. c4 Qd8 6. Nc3 Bg4 7. Be2 Nc6 8. Be3
e6 9. a3 Be7 10. O-O O-O 11. h3 Bh5 12. Rc1 Qd7 13. d5 Bxf3 14. Bxf3 Ne5 15. dxe6
Nxf3+ 16. Qxf3 Qxe6 17. Qxb7 Rab8 18. Qxc7 Bd6 19. Qa5 Rxb2 20. c5 Qe5 21. g3
Qf5 22. Kg2 Re8 23. Qxa6 Bxg3 24. Nd1 Bxf2 25. Nxb2 Qg6+ 26. Kh1 Qe4+ 27. Kh2
Qxe3 28. Rc3 Bg3+ 29. Kg2 Qxc3 30. Qb5 Be5 31. Na4 Qg3+ 0-1

[Event "Druzynowe Mistrzostwa Polski Juniorow 2019 - II Liga"]
[Site "Szczyrk"]
[Date "1899-12-30"]
[Round "8.45"]
[White "Krupinski, Mikolaj"]
[Black "Krawczyk, Flawian"]
[Result "0-1"]
[WhiteTitle "II"]
[BlackTitle "I"]
[WhiteElo "1510"]
[BlackElo "1848"]

1. e4 c5 2. c3 d5 3. exd5 Qxd5 4. d4 Nc6 5. Nf3 Bf5 6. Be3 cxd4 7. cxd4 e6 8. Nc3
Bb4 9. Be2 Nf6 10. O-O Bxc3 11. bxc3 O-O 12. Nh4 Rfd8 13. Nxf5 Qxf5 14. Qb1 Qxb1
15. Raxb1 b6 16. Rbc1 h6 17. Rc2 Nd5 18. Rd1 Rac8 19. a3 Nce7 20. Rdc1 Nf5 21.
Bd2 Rc7 22. g4 Nd6 23. c4 Rdc8 24. Bd3 Nf6 25. c5 bxc5 26. Ba6 c4 27. Bxc8 Rxc8
28. Bf4 Nfe8 29. f3 Kf8 30. Kf2 Ke7 31. Ke3 g5 32. Bxd6+ Nxd6 33. Rb1 Kd7 34.
Rb4 a5 35. Rb6 Ra8 36. f4 Kc7 37. Rb1 Kc6 38. fxg5 hxg5 39. Rd2 Rh8 40. Rg1 Rb8
41. Rg3 Kd5 42. Rc2 Ne4 43. Rf3 Rb3+ 44. Ke2 Rxf3 45. Kxf3 Kxd4 46. Ke2 Nc3+ 47.
Kd2 Ne4+ 48. Ke2 c3 49. Rc1 Kc4 50. Ke3 Nc5 51. Rb1 c2 52. Rc1 Kc3 53. Ke2 Nb3
54. Rxc2+ Kxc2 55. Ke3 Kb2 56. Ke4 Kxa3 57. Ke5 Kb4 58. Kf6 a4 59. Kxf7 a3 60.
Kxe6 a2 61. Kf5 a1=Q 62. Kxg5 Qg7+ 63. Kh4 Nd4 64. Kg3 Kc4 65. h4 Nf5+ 66. Kh3
Nxh4 67. Kxh4 Kd4 68. Kh5 Ke4 69. g5 Kf5 70. Kh4 Qxg5+ 71. Kh3 Kf4 72. Kh2 Kf3
73. Kh1 Qg2# 0-1

[Event "Druzynowe Mistrzostwa Polski Juniorow 2019 - II Liga"]
[Site "Szczyrk"]
[Date "1899-12-30"]
[Round "8.46"]
[White "Chmiel, Pawel"]
[Black "Wiszniewski, Szymon"]
[Result "1-0"]
[WhiteTitle "II"]
[BlackTitle "II+"]
[WhiteElo "1367"]
[BlackElo "1473"]

1. e4 d5 2. exd5 Qxd5 3. Nf3 Nf6 4. d4 a6 5. c4 Qe6+ 6. Be2 b5 7. Ng5 Qb6 8. cxb5
h6 9. Nf3 axb5 10. O-O c6 11. Nc3 e6 12. Re1 Be7 13. Be3 Nd5 14. Nxd5 exd5 15.
Bd3 Be6 16. Ne5 Nd7 17. Nxd7 Kxd7 18. Qf3 g6 19. Bf4 Bf6 20. Be5 Bxe5 21. dxe5
Qd4 22. b3 Qg4 23. Qe3 d4 24. Qd2 Bd5 25. Bf1 Kc7 26. h3 Qg5 27. Qxd4 Rhd8 28.
Qc3 Kb7 29. a4 Re8 30. axb5 Rxa1 31. bxc6+ Bxc6 32. Qxa1 Ra8 33. Qd4 Ra5 34. e6
fxe6 35. Rxe6 Rd5 36. Qg7+ Rd7 37. Qxg6 Qc1 38. Qxh6 Qc2 39. Be2 Rh7 40. Qf6 Qc1+
41. Kh2 Rxh3+ 42. gxh3 Qh1+ 43. Kg3 Bd7 44. Bf3+ 1-0

[Event "Druzynowe Mistrzostwa Polski Juniorow 2019 - II Liga"]
[Site "Szczyrk"]
[Date "1899-12-30"]
[Round "8.47"]
[White "Surpeta, Julia"]
[Black "Kulpa, Zuzanna"]
[Result "1-0"]
[WhiteTitle "I++"]
[BlackTitle "I++"]
[WhiteElo "1564"]
[BlackElo "1802"]

1. d4 d5 2. Nc3 Nf6 3. Bf4 c5 4. e3 cxd4 5. exd4 a6 6. Bd3 Nc6 7. Nf3 Bg4 8. Be3
e6 9. a3 Bd6 10. h3 Bh5 11. Be2 Rc8 12. O-O O-O 13. Nh2 Bg6 14. h4 h6 15. Bd3
Ne4 16. Qg4 h5 17. Qh3 Bf5 18. g4 Bxh2+ 19. Qxh2 hxg4 20. Ne2 Nd6 21. Ng3 Bxd3
22. cxd3 e5 23. f3 Nxd4 24. Bxd4 exd4 25. fxg4 Qd7 26. Rf4 Qa4 27. Rf2 Qe8 28.
Nh5 Qe6 29. Qg3 Rcd8 30. Rf3 Qe2 31. Re1 Qxb2 32. Qe5 Ne8 33. g5 Qb6 34. Kh1 Qe6
35. Qg3 Qd6 36. Qg4 Qg6 37. Nf4 Qd6 38. h5 Qd7 39. Qg3 Nd6 40. Nxd5 Kh8 41. h6
Nf5 42. hxg7+ Kxg7 43. Qe5+ Kg6 44. Nf4+ Kxg5 45. Rg1+ Kh6 46. Rh3+ 1-0

[Event "Druzynowe Mistrzostwa Polski Juniorow 2019 - II Liga"]
[Site "Szczyrk"]
[Date "1899-12-30"]
[Round "8.48"]
[White "Kulpa, Karolina"]
[Black "Bar, Klaudia"]
[Result "0-1"]
[WhiteTitle "I"]
[BlackTitle "I"]
[WhiteElo "1273"]
[BlackElo "1512"]

1. d4 Nf6 2. c4 c5 3. d5 b5 4. Nd2 bxc4 5. e4 Ba6 6. Qc2 Qa5 7. Bxc4 Bxc4 8. Qxc4
d6 9. Ngf3 Nbd7 10. O-O g6 11. b3 Bg7 12. Bb2 O-O 13. Bc3 Qc7 14. h3 Nb6 15. Qd3
Rac8 16. Nc4 Rfd8 17. Nfd2 e6 18. Ne3 Qb7 19. dxe6 fxe6 20. f4 d5 21. e5 Nfd7
22. Bb2 c4 23. bxc4 dxc4 24. Ndxc4 Nxc4 25. Nxc4 Nxe5 26. Qb3 Qxb3 27. axb3 Nxc4
28. Bxg7 Ne3 29. Bf6 Rf8 30. Rf3 Nc2 31. Be7 Rfe8 32. Rc1 Nd4 33. Rxc8 Nxf3+ 34.
gxf3 Rxc8 35. Kg2 Kf7 36. Bd6 Rd8 37. Bc5 a5 38. Bb6 Rd2+ 39. Kg3 Ra2 40. Kg4
Ra3 41. h4 h5+ 42. Kg3 Ke8 43. f5 exf5 44. Kf4 Kf7 45. Kg5 Rxb3 46. Bxa5 Rxf3
0-1

[Event "Druzynowe Mistrzostwa Polski Juniorow 2019 - II Liga"]
[Site "Szczyrk"]
[Date "1899-12-30"]
[Round "8.49"]
[White "Twardowski, Hubert"]
[Black "Kania, Dominik"]
[Result "1/2-1/2"]
[WhiteTitle "I"]
[BlackTitle "I"]
[WhiteElo "1830"]
[BlackElo "1948"]

1. e4 c6 2. d4 d5 3. exd5 cxd5 4. c4 Nf6 5. Nc3 g6 6. Qb3 Bg7 7. cxd5 Nbd7 8. Be2
Nb6 9. Bf3 O-O 10. Nge2 Bg4 11. Bxg4 Nxg4 12. a4 Nf6 13. Nf4 a5 14. O-O Qd6 15.
Be3 Rfd8 16. Nb5 Qd7 17. d6 exd6 18. d5 Nc8 19. Rac1 Ne8 20. Rc2 Ne7 21. Ne6 Rdc8
22. Nxg7 Kxg7 23. Bd4+ Kg8 24. Rxc8 Rxc8 25. Re1 Nf5 26. Bb6 Nf6 27. Nc3 Nh4 28.
h3 Qf5 29. Nb5 Qg5 30. Qg3 Qd2 31. Qe3 Qxd5 32. Qg3 Nf5 33. Qg5 Ne4 34. Qg4 Nc5
35. Nc3 Qd2 36. Re2 Qc1+ 37. Kh2 Nd3 38. Bd4 h5 39. Qe4 Qf4+ 40. Qxf4 Nxf4 41.
Rd2 Rc4 42. Bf6 Ne6 43. g3 Nc5 44. Bd8 Nd4 45. Kg2 Nc6 46. Rxd6 Nxa4 47. Nxa4
Rxa4 48. Rd5 Nxd8 49. Rxd8+ Kg7 50. Rd5 b6 51. Rb5 Rb4 52. Rxb4 axb4 53. Kf3 Kf6
54. Ke4 Ke6 55. Kd4 b3 56. Kc4 Kd6 1/2-1/2

[Event "Druzynowe Mistrzostwa Polski Juniorow 2019 - II Liga"]
[Site "Szczyrk"]
[Date "1899-12-30"]
[Round "8.50"]
[White "Gardian, Adam"]
[Black "Trzebinski, Patryk"]
[Result "1-0"]
[WhiteTitle "I"]
[BlackTitle "I"]
[WhiteElo "1770"]
[BlackElo "1679"]

1. d4 Nf6 2. Bf4 e6 3. e3 c5 4. Nd2 cxd4 5. exd4 d5 6. c3 Bd6 7. Bg3 Nc6 8. Bd3
Bxg3 9. hxg3 Qd6 10. f4 h5 11. Ngf3 Ng4 12. Qe2 Bd7 13. O-O-O a6 14. Ne5 Ncxe5
15. dxe5 Qf8 16. c4 Bc6 17. cxd5 Bxd5 18. Kb1 O-O-O 19. Be4 g6 20. Bxd5 exd5 21.
Nb3 Kb8 22. Rd4 Nh6 23. Rhd1 Nf5 24. Rxd5 Rxd5 25. Rxd5 Nxg3 26. Qf3 h4 27. Nc5
Ka7 28. Rd7 Kb6 29. Qxb7+ Kxc5 30. Rd5+ Kc4 31. Qb3# 1-0

[Event "Druzynowe Mistrzostwa Polski Juniorow 2019 - II Liga"]
[Site "Szczyrk"]
[Date "1899-12-30"]
[Round "8.51"]
[White "Malinowski, Szymon"]
[Black "Kubica, Dominik"]
[Result "1-0"]
[WhiteTitle "I"]
[BlackTitle "II+"]
[WhiteElo "1657"]
[BlackElo "1438"]

1. d4 d5 2. Nf3 Nf6 3. Bf4 Bf5 4. e3 e6 5. Bd3 Bxd3 6. Qxd3 c5 7. c3 Nc6 8. Nbd2
Be7 9. O-O O-O 10. h3 h6 11. Kh1 Rc8 12. Rg1 a6 13. g4 cxd4 14. exd4 Nh7 15. Qe3
Ng5 16. Nxg5 Bxg5 17. Bxg5 Qxg5 18. f4 Qe7 19. Qf3 Kh8 20. g5 Rg8 21. Qh5 Kh7
22. Nf3 f6 23. Rae1 Qd7 24. Nh4 Qe8 25. g6+ Kh8 26. Nf5 Qf8 27. Rxe6 Rc7 28. Nd6
Nd8 29. Rge1 Nxe6 30. Rxe6 Qd8 31. Nf7+ Rxf7 32. gxf7 Rf8 33. Re8 Qd6 34. Rxf8+
Qxf8 35. Qxd5 1-0

[Event "Druzynowe Mistrzostwa Polski Juniorow 2019 - II Liga"]
[Site "Szczyrk"]
[Date "1899-12-30"]
[Round "8.52"]
[White "Zaborski, Igor"]
[Black "Dembicki, Karol"]
[Result "0-1"]
[WhiteTitle "II"]
[BlackTitle "II"]
[WhiteElo "1372"]
[BlackElo "1397"]

1. d4 d5 2. Nf3 e6 3. e3 Nf6 4. Bd3 c6 5. Nbd2 Nbd7 6. O-O Bd6 7. b3 O-O 8. Bb2
Re8 9. Ne5 Qc7 10. f4 c5 11. Rf3 Nb6 12. Rh3 h6 13. g4 Bxe5 14. fxe5 Nfd7 15.
c3 Qd8 16. Ba3 Qg5 17. Kh1 cxd4 18. cxd4 f6 19. exf6 Nxf6 20. Rg3 e5 21. h3 exd4
22. exd4 h5 23. Be2 Qf4 24. Kg2 Qxd4 25. Rc1 hxg4 26. Bxg4 Bxg4 27. hxg4 Re6 28.
Bc5 Qf4 29. Rcc3 Rae8 30. Rcf3 Re2+ 31. Rf2 Qe5 32. Nf3 Qe4 33. Kf1 Rxf2+ 34.
Bxf2 Nxg4 35. Kg1 Nxf2 36. Kxf2 Qe3+ 37. Kf1 Qe4 38. Rg5 Rf8 39. Kf2 Qh4+ 0-1

[Event "Druzynowe Mistrzostwa Polski Juniorow 2019 - II Liga"]
[Site "Szczyrk"]
[Date "1899-12-30"]
[Round "8.53"]
[White "Filipska, Maja"]
[Black "Lajdamik, Anna"]
[Result "1-0"]
[WhiteTitle "I++"]
[BlackTitle "I"]
[WhiteElo "1602"]
[BlackElo "1324"]

1. e4 c5 2. Nf3 Nc6 3. d4 cxd4 4. Nxd4 Nf6 5. Nc3 e5 6. Nb3 Bb4 7. Bd3 d5 8. exd5
Nxd5 9. Bd2 Nxc3 10. bxc3 Be7 11. O-O O-O 12. Qh5 f5 13. Bc4+ Kh8 14. Rad1 Qe8
15. Qxe8 Rxe8 16. Be3 b6 17. Bb5 Bb7 18. Rd7 Nd8 19. Rfd1 Bc6 20. Bxc6 Nxc6 21.
Rc7 Rac8 22. Rdd7 Bf6 23. Kf1 h6 24. g3 Kh7 25. Nd2 Red8 26. Ke2 Rxd7 27. Rxd7
Kg8 28. f3 Kf8 29. g4 Ke8 30. Rb7 fxg4 31. fxg4 Ne7 32. Ne4 Rc6 33. Rxa7 Nd5 34.
c4 Nxe3 35. Kxe3 Kd8 36. Kd3 Bh4 37. Rxg7 Be1 38. Rf7 Ke8 39. Rf6 Rxf6 40. Nxf6+
Kf7 41. Nd5 Bf2 42. Ke4 Ke6 43. Ne3 Bh4 44. Nf5 Bg5 45. a4 Bd2 46. h4 Kf6 47.
Nxh6 1-0

[Event "Druzynowe Mistrzostwa Polski Juniorow 2019 - II Liga"]
[Site "Szczyrk"]
[Date "1899-12-30"]
[Round "8.54"]
[White "Jaros, Emilia"]
[Black "Skolska, Emilia"]
[Result "0-1"]
[WhiteTitle "I"]
[BlackTitle "I"]
[WhiteElo "1112"]
[BlackElo "1359"]

1. e4 e5 2. Nf3 Nc6 3. Bc4 Bc5 4. d3 d6 5. h3 Nf6 6. Nc3 Na5 7. Bb3 Nxb3 8. axb3
O-O 9. Bg5 c6 10. d4 exd4 11. Nxd4 Qb6 12. Bxf6 gxf6 13. Na4 Qa5+ 14. c3 Bxd4
15. Qxd4 b5 16. Qxd6 bxa4 17. Qxc6 Be6 18. bxa4 Rab8 19. b4 Qe5 20. O-O Rfc8 21.
f4 Qxc3 22. Qxc3 Rxc3 23. b5 f5 24. exf5 Bxf5 25. g4 Be4 26. Rfe1 Re8 27. a5 Rg3+
28. Kf2 Rf3+ 29. Kg1 Kf8 30. Kh2 Rxf4 31. Ra4 Rf2+ 32. Kg3 Rg2+ 33. Kh4 Bb7 34.
Rxe8+ Kxe8 35. a6 Ba8 36. Rc4 Kd7 37. Kg5 Rb2 38. Rc5 Kd6 39. Rf5 Bd5 40. Rf6+
Be6 41. Kh6 Rxb5 42. Kxh7 Ra5 43. Kg7 Ke7 44. h4 Ra4 45. g5 Rxh4 46. Rf2 Ra4 47.
Rf6 Rxa6 48. g6 fxg6 49. Rxg6 Rb6 50. Rg3 Rb3 51. Rg1 Kd6 52. Ra1 Rb7+ 53. Kg6
Bc4 54. Kg5 Rb5+ 55. Kf4 a5 56. Ke4 Kc5 57. Ra4 Bb3 58. Ra1 a4 59. Kd3 Rb4 60.
Ra3 Rc4 61. Ra1 Kb4 62. Kd2 a3 63. Kd3 a2 64. Kd2 Ka3 65. Kd3 Kb2 66. Rxa2+ Bxa2
67. Ke3 Kc3 68. Ke2 Rd4 69. Ke3 Bd5 70. Ke2 Rd3 71. Kf2 Kd2 72. Kf1 Rh3 73. Kf2
Be4 74. Kf1 Ke3 75. Kg1 Rh1# 0-1

[Event "Druzynowe Mistrzostwa Polski Juniorow 2019 - II Liga"]
[Site "Szczyrk"]
[Date "1899-12-30"]
[Round "8.55"]
[White "Marczak, Szymon"]
[Black "Jarzebowski, Kacper"]
[Result "0-1"]
[WhiteTitle "I++"]
[BlackTitle "k"]
[WhiteElo "1857"]
[BlackElo "1987"]

1. Nf3 Nf6 2. b3 g6 3. Bb2 Bg7 4. g3 d6 5. d4 O-O 6. Bg2 c5 7. c4 a6 8. Nc3 Nbd7
9. e4 Re8 10. O-O Qc7 11. Re1 Rb8 12. a4 cxd4 13. Nxd4 Nc5 14. Rb1 Qb6 15. Ba1
Ng4 16. a5 Qa7 17. Ncb5 axb5 18. Nxb5 Qxa5 19. Bxg7 Kxg7 20. b4 Qb6 21. Qd4+ f6
22. bxc5 Qxc5 23. Qxc5 dxc5 24. f4 Rd8 25. h3 Nh6 26. Nc7 Rd4 27. e5 Bf5 28. exf6+
exf6 29. Re7+ Kf8 30. Rbe1 Rd7 31. Rxd7 Bxd7 32. Ne6+ Bxe6 33. Rxe6 Nf5 34. g4
Nd4 35. Rxf6+ Ke7 36. g5 Nf5 37. Bd5 Nd6 38. h4 Rf8 39. Rxf8 Kxf8 40. Kg2 b6 41.
Kh3 Nf5 42. Be4 Nd6 43. Bd3 b5 44. cxb5 c4 45. Be2 c3 46. Bd3 Nxb5 47. f5 gxf5
48. Bxf5 Kg7 49. h5 Nd4 50. h6+ Kg8 51. Bd3 c2 52. Bxc2 Nxc2 53. Kh4 Nd4 54. Kh5
Kf7 55. g6+ hxg6+ 56. Kg5 Ne6+ 57. Kg4 Nf8 58. Kg5 Nh7+ 59. Kf4 Kf6 60. Kg4 0-1

[Event "Druzynowe Mistrzostwa Polski Juniorow 2019 - II Liga"]
[Site "Szczyrk"]
[Date "1899-12-30"]
[Round "8.56"]
[White "Dalkowski, Rafal"]
[Black "Gabzdyl, Mateusz"]
[Result "1-0"]
[WhiteTitle "II+"]
[BlackTitle "II"]
[WhiteElo "1731"]
[BlackElo "1222"]

1. d4 Nf6 2. c4 c6 3. Nc3 d5 4. Nf3 e6 5. Qc2 Be7 6. Bf4 Nbd7 7. e3 O-O 8. h3 dxc4
9. Bxc4 Nb6 10. Bb3 Nbd5 11. Bg3 Bd6 12. Bh4 Qc7 13. O-O Nd7 14. e4 Nxc3 15. bxc3
e5 16. Rad1 exd4 17. cxd4 Nb6 18. Rfe1 Re8 19. Ng5 Rf8 20. e5 Be7 21. Qxh7# 1-0

[Event "Druzynowe Mistrzostwa Polski Juniorow 2019 - II Liga"]
[Site "Szczyrk"]
[Date "1899-12-30"]
[Round "8.57"]
[White "Wieczorek, Karol"]
[Black "Zdybel, Przemyslaw"]
[Result "0-1"]
[WhiteTitle "II+"]
[BlackTitle "I"]
[WhiteElo "1502"]
[BlackElo "1710"]

1. d4 Nf6 2. Nf3 g6 3. g3 Bg7 4. Bg2 O-O 5. O-O d6 6. b3 Nbd7 7. Bb2 Rb8 8. c4
a6 9. Nc3 b5 10. cxb5 axb5 11. Qc2 Bb7 12. Rac1 c5 13. dxc5 Nxc5 14. Rfd1 Qb6
15. b4 Nce4 16. Nxe4 Nxe4 17. e3 Rfc8 18. Qb1 Nc3 19. Bxc3 Bxc3 20. Rc2 Be4 21.
Rdc1 Bxc2 22. Rxc2 Bf6 23. Qc1 Qa6 24. Bh3 Rxc2 25. Qxc2 Ra8 26. Bd7 Qxa2 27.
Qc6 Qb1+ 28. Kg2 Ra1 29. Qd5 Qf1# 0-1

[Event "Druzynowe Mistrzostwa Polski Juniorow 2019 - II Liga"]
[Site "Szczyrk"]
[Date "1899-12-30"]
[Round "8.58"]
[White "Jaskulski, Jan"]
[Black "Grzybek, Mikolaj"]
[Result "1-0"]
[WhiteTitle "II+"]
[BlackTitle "II"]
[WhiteElo "1513"]
[BlackElo "1305"]

1. e4 c6 2. Nf3 d5 3. Nc3 Bg4 4. d4 e6 5. Bd3 Bxf3 6. Qxf3 dxe4 7. Nxe4 Qxd4 8.
Be3 Qd8 9. O-O-O Nd7 10. Bc4 Ngf6 11. Ng5 Qe7 12. Bf4 Nd5 13. Bxd5 cxd5 14. Rhe1
Nb6 15. Qh3 Kd7 16. Ne4 Qb4 17. Qh5 Nc4 18. Qxf7+ Be7 19. Qxg7 Raf8 20. Bg5 Rf7
21. Bxe7 Kxe7 22. Qc3 Qxc3 23. Nxc3 Kd6 24. b3 Nb6 25. f3 Rc8 26. Ne4+ Kd7 27.
Rd2 h6 28. Nf2 Rf5 29. Rde2 Rg8 30. Ng4 Rg6 31. Ne5+ 1-0

[Event "Druzynowe Mistrzostwa Polski Juniorow 2019 - II Liga"]
[Site "Szczyrk"]
[Date "1899-12-30"]
[Round "8.59"]
[White "Zamarska, Sylwia"]
[Black "Wolszczak, Natalia"]
[Result "1-0"]
[WhiteTitle "I++"]
[BlackTitle "I"]
[WhiteElo "1628"]
[BlackElo "1217"]

1. d4 d5 2. Bf4 Nf6 3. e3 Bf5 4. c4 dxc4 5. Bxc4 e6 6. Nc3 c5 7. Qa4+ Nbd7 8. Nb5
Rc8 9. Qxa7 cxd4 10. Qxd4 Bc5 11. Nd6+ Bxd6 12. Bxd6 Qa5+ 13. b4 Qa3 14. f3 h5
15. e4 Bh7 16. Ne2 Rd8 17. O-O g5 18. Bb5 Rg8 19. Qxf6 Qe3+ 20. Kh1 Rg6 21. Qe7#
1-0

[Event "Druzynowe Mistrzostwa Polski Juniorow 2019 - II Liga"]
[Site "Szczyrk"]
[Date "1899-12-30"]
[Round "8.60"]
[White "Czarkowska, Dalia"]
[Black "Wasowicz, Anna"]
[Result "1-0"]
[WhiteTitle "II+"]
[BlackTitle "II"]
[WhiteElo "1000"]
[BlackElo "1000"]

1. e4 b6 2. d4 e6 3. Nf3 Bb7 4. e5 f6 5. Nc3 fxe5 6. dxe5 d5 7. Nd4 c5 8. Nxe6
Qd7 9. Nf4 d4 10. Nce2 Nc6 11. e6 Qd6 12. Qd3 Nf6 13. a3 Be7 14. Ng3 O-O-O 15.
Be2 g6 16. Bd2 Rde8 17. O-O-O Nd8 18. Qb3 Ne4 19. Nxe4 Bxe4 20. Bb5 Bc6 21. Bxc6
Qxc6 22. Rhe1 Bg5 23. Qh3 Kb8 24. Kb1 Bxf4 25. Bxf4+ Ka8 26. e7 Nf7 27. a4 h6
28. Re6 Qxa4 29. Qf3+ Qc6 30. Qxc6# 1-0

[Event "Druzynowe Mistrzostwa Polski Juniorow 2019 - II Liga"]
[Site "Szczyrk"]
[Date "1899-12-30"]
[Round "8.61"]
[White "Lewandowski, Wiktor"]
[Black "Zabron, Maksym"]
[Result "1/2-1/2"]
[WhiteTitle "II+"]
[BlackTitle "I+"]
[WhiteElo "1749"]
[BlackElo "1739"]

1. e4 c6 2. c4 d6 3. d4 Nf6 4. Nc3 g6 5. Be2 Bg7 6. Nf3 O-O 7. O-O Nbd7 8. h3 e5
9. Be3 Qe7 10. Qc2 Nh5 11. dxe5 dxe5 12. Nd2 Nf4 13. Bxf4 exf4 14. Rfe1 Ne5 15.
Nf3 Be6 16. b3 Nxf3+ 17. Bxf3 Qg5 18. Kf1 b5 19. cxb5 cxb5 20. Rac1 Rac8 21. Qd2
b4 22. Nd5 Bxd5 23. Qxd5 Qe5 24. Qxe5 Bxe5 25. Bg4 Rc3 26. Rcd1 h5 27. Bd7 Rc2
28. Re2 Rxe2 29. Kxe2 Rd8 30. Bb5 Rxd1 31. Kxd1 1/2-1/2

[Event "Druzynowe Mistrzostwa Polski Juniorow 2019 - II Liga"]
[Site "Szczyrk"]
[Date "1899-12-30"]
[Round "8.62"]
[White "Kozubek, Krystian"]
[Black "Kejna, Piotr"]
[Result "1/2-1/2"]
[WhiteTitle "II+"]
[BlackTitle "CM"]
[WhiteElo "1443"]
[BlackElo "1726"]

1. c4 e5 2. Nc3 Nf6 3. g3 d5 4. cxd5 Nxd5 5. Bg2 Nb6 6. d3 Nc6 7. Nf3 Be7 8. Be3
Be6 9. O-O Nd5 10. Nxd5 Bxd5 11. Qa4 O-O 12. Nd2 Bxg2 13. Kxg2 Qd5+ 14. Qe4 Rad8
15. Qxd5 Rxd5 16. Nb3 f5 17. f3 Bf6 18. Rab1 Nd8 19. Rfc1 Ne6 20. Nc5 Nxc5 21.
Bxc5 Rf7 22. Rc2 b6 23. Be3 g5 24. g4 fxg4 25. fxg4 e4 26. Rd1 exd3 27. exd3 Rfd7
28. Rcd2 c5 29. Kf3 Bd4 30. Bxd4 Rxd4 31. b3 R7d5 32. h3 b5 33. Ke3 Re5+ 34. Kf3
Rf4+ 35. Kg2 Rd4 36. Rc2 Red5 37. Rdc1 Rxd3 38. Rxc5 Rd2+ 39. Kf3 R2d3+ 40. Ke2
Rd2+ 41. Ke3 R2d3+ 1/2-1/2

[Event "Druzynowe Mistrzostwa Polski Juniorow 2019 - II Liga"]
[Site "Szczyrk"]
[Date "1899-12-30"]
[Round "8.63"]
[White "Eigner, Jerzy"]
[Black "Gradalski, Olaf"]
[Result "1/2-1/2"]
[WhiteTitle "II+"]
[BlackTitle "II"]
[WhiteElo "1516"]
[BlackElo "1442"]

1. e4 e6 2. d4 d5 3. Bd3 dxe4 4. Bxe4 Nf6 5. Bf3 c5 6. Ne2 Nc6 7. Be3 Be7 8. Nbc3
Qa5 9. dxc5 Bxc5 10. Bxc5 Qxc5 11. O-O Ne5 12. Ng3 Nxf3+ 13. Qxf3 O-O 14. Rad1
Qb6 15. b3 Qc7 16. Rd2 Bd7 17. Nce4 Nxe4 18. Qxe4 Bc6 19. Qe3 Rfd8 20. Rfd1 a6
21. h3 h6 22. c4 Rac8 23. Ne2 Rxd2 24. Rxd2 Rd8 25. Rxd8+ Qxd8 26. Nd4 Qd6 27.
Nxc6 Qxc6 28. Qd4 Qc7 29. b4 Qc6 30. Qd3 g6 31. g3 h5 32. b5 axb5 33. cxb5 Qc1+
34. Kg2 Qc7 35. Qd4 Qa5 36. a4 b6 37. Kf3 Kh7 38. Ke2 Qa7 39. Qb4 Qc7 40. Kd3
Qb7 41. Qe4 Qd7+ 42. Qd4 Qb7 43. Kc4 Qc7+ 44. Kb3 Qb7 45. a5 bxa5 46. Qc5 Qe4
47. b6 h4 48. Qxa5 hxg3 49. fxg3 Qd3+ 50. Kb4 Qd4+ 51. Kb5 Qd5+ 52. Ka4 Qc4+ 53.
Ka3 Qd3+ 54. Kb2 Qd4+ 55. Kc2 Qc4+ 56. Kd2 Qd4+ 57. Kc2 Qc4+ 58. Qc3 Qe2+ 59.
Kb1 Qf1+ 60. Ka2 1/2-1/2

[Event "Druzynowe Mistrzostwa Polski Juniorow 2019 - II Liga"]
[Site "Szczyrk"]
[Date "1899-12-30"]
[Round "8.64"]
[White "Raba, Bartosz"]
[Black "Komendecki, Antoni"]
[Result "0-1"]
[WhiteTitle "II"]
[BlackTitle "II"]
[WhiteElo "1373"]
[BlackElo "1416"]

1. e4 c5 2. c3 g6 3. d4 cxd4 4. cxd4 d5 5. e5 Bg7 6. Nc3 Nc6 7. Nf3 Bg4 8. Be2
e6 9. Nb5 Bf8 10. O-O a6 11. Nc3 Nh6 12. Bg5 Qb6 13. Bf6 Rg8 14. Na4 Qa7 15. Qc1
Bxf3 16. Bxf3 Qxd4 17. Bd1 Nxe5 18. Qg5 Nf5 19. Re1 Bh6 20. Bxe5 Bxg5 21. Bxd4
Nxd4 22. Nb6 Rd8 23. g3 Bd2 24. Rf1 Ba5 25. Na4 Rc8 26. a3 b5 27. b4 Bd8 28. Nc5
Rc6 29. Bg4 Be7 30. Rfd1 Bxc5 31. bxc5 Nb3 32. Rab1 Nxc5 33. Rbc1 Ke7 34. Rc3
Rgc8 35. Re3 Kd6 36. Be2 Na4 37. Bd3 Nb2 0-1